000 00725nam a22002297a 4500
999 _c10856
_d10856
003 AR-CdUCM
008 190402b ||||| |||| 00| 0 spa d
020 _a84-7069-332-8
040 _aMUNICIPALIDAD PROVINCIAL DEL CUSCO
_cBIBLIOTECA MUNICIPAL DEL CUSCO
082 _aES / 808.3 /
_bM95
110 _aEdiciones Oceano
_918149
245 _aEl Mundo de la Biologia :
_bCurso Teórico Práctico /
260 _aBarcelona :
_bEdiciones Oceano - exito,
_c1985.
300 _a96 paginas ;
_bilustraciones, graficos, dibujos, cuadros,
_c30 cm.
500 _aBiologia
650 _aBiologia
_9881
650 _aEducación
_9460
650 _aTexto
_9816
650 _aLiteratura
_983
942 _2ddc
_cLIBROS
945 _apjha